Banka na drátě
Služby priameho bankovníctva poskytované Expandia bankou. Komunikácia s Expandia bankou cez internet alebo telefón. Nonstopbank pod záštitou Bank Austria Creditanstalt a jej služby prostredníctvom priameho bankovníctva.
Enregistré dans:
| Auteur principal: | |
|---|---|
| Format: | Chapitre de livre |
| Langue: | tchèque |
| Sujets: | |
| Tags: |
Pas de tags, Soyez le premier à ajouter un tag!
|
MARC
| LEADER | 00000naa a2200000 4500 | ||
|---|---|---|---|
| 001 | r035639 | ||
| 005 | 20230612103712.3 | ||
| 041 | 0 | |a cze | |
| 044 | |a CZ | ||
| 245 | 1 | 0 | |a Banka na drátě |c Michal Přádka |
| 520 | |a Služby priameho bankovníctva poskytované Expandia bankou. Komunikácia s Expandia bankou cez internet alebo telefón. Nonstopbank pod záštitou Bank Austria Creditanstalt a jej služby prostredníctvom priameho bankovníctva. | ||
| 610 | 2 | 0 | |a bankovníctvo elektronické |
| 610 | 2 | 0 | |a mailbanking |
| 610 | 2 | 0 | |a telebanking |
| 610 | 2 | 0 | |a karty platobné |
| 610 | 2 | 0 | |a telefón |
| 610 | 2 | 0 | |a internetbanking |
| 610 | 2 | 0 | |a Expandia banka |
| 610 | 2 | 0 | |a služby bankové |
| 610 | 2 | 0 | |a Nonstopbank |
| 610 | 2 | 0 | |a operácie bankové |
| 610 | 2 | 0 | |a Česko |
| 100 | 1 | |a Přádka, Michal | |